Cinética y dinámica molecular de las reacciones químicas elementales / (Record no. 74729)

MARC details
000 -LEADER
campo de control de longitud fija 00611nam a2200205 i 4500
001 - NÚMERO DE CONTROL
campo de control 74729
003 - IDENTIFICADOR DE NÚMERO DE CONTROL
campo de control ES-MaACL
007 - CAMPO FIJO DE DESCRIPCIÓN FÍSICA--INFORMACIÓN GENERAL
campo de control de longitud fija t|
008 - DATOS DE LONGITUD FIJA--INFORMACIÓN GENERAL
campo de control de longitud fija 040920s1985 sp ||||1| spa d
020 ## - NÚMERO INTERNACIONAL ESTÁNDAR DEL LIBRO
Número Internacional Estándar del Libro 84-205-1219-2
100 1# - ENTRADA PRINCIPAL--NOMBRE DE PERSONA
Nombre de persona González Ureña, A.
9 (RLIN) 58998
245 10 - MENCIÓN DEL TÍTULO
Título Cinética y dinámica molecular de las reacciones químicas elementales /
Mención de responsabilidad, etc. A. González Ureña.
250 ## - MENCION DE EDICION
Mención de edición [1ªed.].
260 ## - PUBLICACIÓN, DISTRIBUCIÓN, ETC.
Lugar de publicación, distribución, etc. Madrid :
Nombre del editor, distribuidor, etc. Alhambra,
Fecha de publicación, distribución, etc. 1985.
300 ## - DESCRIPCIÓN FÍSICA
Extensión VII, 357 p. ;
Dimensiones 24 cm.
490 1# - MENCIÓN DE SERIE
Mención de serie Alhambra universidad
830 0# - PUNTO DE ACCESO ADICIONAL DE SERIE-TÍTULO UNIFORME
Título uniforme Alhambra universidad
9 (RLIN) 180698
852 ## - LOCALIZACIÓN
Ubicación ES-MaACL
Número de control de estantería L-8917
Sublocalización o colección R.110615
Holdings
Estatus retirado Estado de pérdida Estado de daño No para préstamo Biblioteca de origen Biblioteca actual Ubicación en estantería Fecha de adquisición Fuente de adquisición Total de préstamos Signatura topográfica completa Código de barras Visto por última vez Precio de reemplazo Tipo de ítem Koha
        Biblioteca del Ateneo de Madrid Biblioteca del Ateneo de Madrid Depósito 2 17/01/2008     L-8917 1078225 23/02/2023 23/02/2023 Libro impreso